[Event "Czech open A"]
[Site "?"]
[Date "2013.07.23"]
[Round "5.84"]
[White "Barthel, Ansgar"]
[Black "Ageichenko, Gennady"]
[Result "1/2-1/2"]
[WhiteElo "2230"]
[BlackElo "2298"]
[PlyCount "191"]
[EventDate "2013.??.??"]
[TimeControl "6000+1380"]
[WhiteClock "0:09:24"]
[BlackClock "0:04:16"]

1. e4 e5 2. Nf3 Nc6 3. Bc4 Bc5 4. b4 Be7 5. b5 Na5 6. Nxe5 Nxc4 7. Nxc4 d5 8.
exd5 Qxd5 9. Ne3 Qxb5 10. Nc3 Qd7 11. Ncd5 c6 12. Nxe7 Nxe7 13. O-O O-O 14. Bb2
Qc7 15. Qf3 Be6 16. c4 b5 17. Rfc1 bxc4 18. Nxc4 Bd5 19. Qc3 f6 20. Ne3 Be6 21.
Ba3 Rfc8 22. Qc5 Kf7 23. Nc4 Bxc4 24. Qxe7+ Qxe7 25. Bxe7 Bd5 26. Bc5 a6 27. a3
Rab8 28. Rab1 Rb5 29. a4 Rb3 30. Rxb3 Bxb3 31. a5 Rd8 32. Bb4 Rd4 33. Bc3 Rd5
34. f3 Ba4 35. Kf2 Bb5 36. Re1 Bd3 37. Re3 c5 38. f4 h5 39. g3 Bf5 40. Re1 Bd3
41. Re3 Rd7 42. Re1 Bf5 43. Re3 Rb7 44. Re1 Rb8 45. Re3 Rh8 46. h4 Rb8 47. Re1
Rb7 48. Re3 Rd7 49. Re1 Bd3 50. Re3 Bb5 51. Re1 Kg6 52. Re3 Kf5 53. Re1 Kg4 54.
Re3 Bd3 55. Kg2 Bf5 56. Kh2 Rb7 57. Kg2 Rd7 58. Kh2 Bd3 59. Kg2 Bb5 60. Kf2 Bc4
61. Kg2 Rb7 62. Re1 Bd5+ 63. Kf2 Kh3 64. Re8 Rc7 65. Re1 Rd7 66. Re8 Rc7 67.
Re1 Rf7 68. Re3 Bc6 69. Re6 Bb5 70. Re1 Kh2 71. Re6 Rd7 72. Re3 Bd3 73. Re6 Rb7
74. Re1 Bf5 75. Re8 Rc7 76. Re1 Rf7 77. Re8 Rc7 78. Re1 Bd3 79. Re3 Bb5 80. Re6
Rf7 81. Re1 Rd7 82. Re3 Kh3 83. Kf3 Bc6+ 84. Kf2 Kg4 85. Re6 Bb5 86. Re3 Kf5
87. Kf3 Bc6+ 88. Kf2 Be4 89. Re1 Rb7 90. Kg1 Bd5 91. Kf2 Be4 92. Kg1 Rd7 93.
Kf2 Bd3 94. Kf3 Bc4 95. Kf2 Kg4 96. Re3 1/2-1/2

[Event "Czech open A"]
[Site "?"]
[Date "2013.07.23"]
[Round "5.85"]
[White "Jasny, Stanislav"]
[Black "Jedlicka, Ales"]
[Result "1/2-1/2"]
[WhiteElo "2290"]
[BlackElo "2226"]
[PlyCount "75"]
[EventDate "2013.??.??"]
[TimeControl "6000+1840"]
[WhiteClock "0:13:00"]
[BlackClock "0:24:43"]

1. e4 c5 2. Nf3 d6 3. d4 cxd4 4. Nxd4 Nf6 5. Nc3 a6 6. Be3 e5 7. Nb3 Be6 8. f3
Be7 9. Qd2 O-O 10. O-O-O Nbd7 11. g4 b5 12. Rg1 Qc7 13. g5 Nh5 14. Nd5 Bxd5 15.
exd5 Nb6 16. Na5 Rac8 17. Rg2 Nxd5 18. Qxd5 Qxa5 19. Bd3 g6 20. Kb1 Rfe8 21.
Rg4 Qc7 22. a4 Bf8 23. h4 Nf4 24. Bxf4 exf4 25. Rxf4 Re5 26. Qb3 bxa4 27. Rxa4
Rb8 28. Rb4 Rxb4 29. Qxb4 a5 30. Qg4 Bg7 31. f4 Re8 32. f5 gxf5 33. Qxf5 Rb8
34. Bb5 Qc5 35. Qxc5 dxc5 36. c4 Bd4 37. Re1 Kg7 38. h5 1/2-1/2

[Event "Czech open A"]
[Site "?"]
[Date "2013.07.23"]
[Round "5.86"]
[White "Bartos, Jan"]
[Black "Rjabzev, Konstantin"]
[Result "1/2-1/2"]
[WhiteElo "2209"]
[BlackElo "2290"]
[PlyCount "34"]
[EventDate "2013.??.??"]
[TimeControl "5400+1130"]
[WhiteClock "1:05:02"]
[BlackClock "0:45:33"]

1. d4 d6 2. e4 g6 3. c4 Bg7 4. Nc3 Nd7 5. f3 e5 6. Nge2 Ne7 7. Be3 O-O 8. Qd2
Nb6 9. Ng3 f5 10. exf5 Nxf5 11. Nxf5 Bxf5 12. O-O-O exd4 13. Bxd4 Bxd4 14. Qxd4
Qg5+ 15. Qd2 Qf6 16. Qd4 Qg5+ 17. Qd2 Qf6 1/2-1/2

[Event "Czech open A"]
[Site "?"]
[Date "2013.07.23"]
[Round "5.87"]
[White "Adamek, Jiri"]
[Black "Sanders, Isaac"]
[Result "1/2-1/2"]
[WhiteElo "2290"]
[BlackElo "2210"]
[PlyCount "69"]
[EventDate "2013.??.??"]
[TimeControl "6000+750"]
[WhiteClock "0:44:51"]
[BlackClock "0:06:45"]

1. d4 d5 2. c4 c6 3. Nc3 Nf6 4. Bg5 Nbd7 5. e3 e6 6. Nf3 Qa5 7. Bxf6 Nxf6 8.
Bd3 Ne4 9. Bxe4 dxe4 10. Nd2 f5 11. f3 exf3 12. Nxf3 Be7 13. O-O O-O 14. e4 Qc7
15. Qe2 Bd7 16. exf5 Rxf5 17. c5 Raf8 18. Ne4 Be8 19. g4 Rf4 20. Ne5 Qd8 21.
Rxf4 Rxf4 22. Rd1 Bh4 23. h3 Bg6 24. Nxg6 hxg6 25. b3 Kh7 26. Rd3 b6 27. Qe3
Qf8 28. Qe2 Be7 29. b4 bxc5 30. dxc5 Bh4 31. Kg2 Rxe4 32. Qxe4 Qf2+ 33. Kh1 Bg3
34. Rxg3 Qxg3 35. Qxe6 1/2-1/2

[Event "Czech open A"]
[Site "?"]
[Date "2013.07.23"]
[Round "5.88"]
[White "Bivol, Alina"]
[Black "Villegas, Pierre"]
[Result "1/2-1/2"]
[WhiteElo "2207"]
[BlackElo "2288"]
[PlyCount "77"]
[EventDate "2013.??.??"]
[TimeControl "6000+770"]
[WhiteClock "0:45:03"]
[BlackClock "0:01:54"]

1. Nf3 Nf6 2. g3 d5 3. Bg2 c6 4. O-O Bg4 5. d3 Nbd7 6. Nbd2 e5 7. e4 dxe4 8.
dxe4 Bc5 9. h3 Bh5 10. Qe1 O-O 11. Nh4 Re8 12. Nf5 Qc7 13. g4 Bg6 14. Qe2 Bf8
15. Rd1 Nc5 16. Nf1 Nfd7 17. h4 f6 18. g5 Ne6 19. Qg4 Rad8 20. N1g3 fxg5 21.
Bxg5 Nxg5 22. Qxg5 Nc5 23. h5 Ne6 24. Qg4 Bxf5 25. exf5 Nf4 26. Bf1 Kh8 27. Ne4
h6 28. c3 Qf7 29. Ng3 Be7 30. b3 Qf6 31. Rxd8 Rxd8 32. Re1 Re8 33. Ne4 Qh4 34.
Qxh4 Bxh4 35. Nd6 Re7 36. Rxe5 Rxe5 37. Nf7+ Kg8 38. Nxe5 Bf6 39. Ng6 1/2-1/2

[Event "Czech open A"]
[Site "?"]
[Date "2013.07.23"]
[Round "5.89"]
[White "Cerveny, Petr"]
[Black "Karasek, Lukas"]
[Result "1-0"]
[WhiteElo "2285"]
[BlackElo "2203"]
[PlyCount "79"]
[EventDate "2013.??.??"]
[TimeControl "6000+785"]
[WhiteClock "0:35:25"]
[BlackClock "0:00:34"]

1. e4 c5 2. Nf3 d6 3. d4 cxd4 4. Nxd4 Nf6 5. Nc3 a6 6. g3 e5 7. Nb3 Be7 8. Bg2
O-O 9. O-O Be6 10. Re1 Nbd7 11. a4 Rc8 12. Nd2 Qa5 13. Nf1 Rfd8 14. Ne3 Nb6 15.
Ncd5 Nbxd5 16. exd5 Bd7 17. Bd2 Qc7 18. a5 h5 19. h3 g6 20. b3 h4 21. g4 Nh7
22. Bb4 f5 23. gxf5 gxf5 24. Qh5 Rf8 25. Nc4 Be8 26. Qd1 Rd8 27. Rxe5 dxe5 28.
d6 Qb8 29. Bd5+ Bf7 30. dxe7 Rxd5 31. exf8=Q+ Nxf8 32. Qf3 f4 33. Kh2 Ng6 34.
Rg1 Kg7 35. Qh5 Qd8 36. Bc3 Kf6 37. Rg5 Qc7 38. Qg4 Qd7 39. Bxe5+ Nxe5 40.
Qxf4+ 1-0

[Event "Czech open A"]
[Site "?"]
[Date "2013.07.23"]
[Round "5.90"]
[White "Feldtmann, Thomas"]
[Black "Zatschek, Mark"]
[Result "0-1"]
[WhiteElo "2280"]
[BlackElo "2174"]
[PlyCount "56"]
[EventDate "2013.??.??"]
[TimeControl "6000+965"]
[WhiteClock "0:11:09"]
[BlackClock "0:07:26"]

1. d4 Nf6 2. c4 e6 3. Nc3 Bb4 4. e3 O-O 5. Bd3 d5 6. Nf3 c5 7. O-O dxc4 8. Bxc4
cxd4 9. exd4 Bxc3 10. bxc3 Qc7 11. Qe2 b6 12. Bd2 Bb7 13. Bd3 Nbd7 14. Rac1
Rac8 15. Bg5 Rfe8 16. Rfe1 h6 17. Bh4 Qf4 18. Bg3 Qg4 19. Ba6 Bxa6 20. Qxa6 Ra8
21. c4 Qf5 22. a4 Ne4 23. Bc7 e5 24. Qb5 a6 25. Qc6 exd4 26. Rxe4 Qxe4 27. Qxd7
Rac8 28. h3 Qb7 0-1

[Event "Czech open A"]
[Site "?"]
[Date "2013.07.23"]
[Round "5.91"]
[White "Tate, Alan"]
[Black "Starcevs, Dmitrijs"]
[Result "1-0"]
[WhiteElo "2277"]
[BlackElo "2139"]
[PlyCount "45"]
[EventDate "2013.??.??"]
[TimeControl "6000+1005"]
[WhiteClock "0:58:12"]
[BlackClock "0:12:56"]

1. Nf3 Nf6 2. c4 g6 3. Nc3 d5 4. cxd5 Nxd5 5. Qb3 Nb6 6. d4 Bg7 7. Bf4 O-O 8.
e3 Be6 9. Qa3 Nc6 10. Rc1 a6 11. Bg3 Nc4 12. Qc5 Nb6 13. Be2 Re8 14. O-O Nd7
15. Qa3 b5 16. d5 b4 17. Qb3 Nc5 18. Qc4 bxc3 19. dxe6 Nxe6 20. Qxc6 cxb2 21.
Rcd1 Qb8 22. Be5 Qb4 23. Rb1 1-0

[Event "Czech open A"]
[Site "?"]
[Date "2013.07.23"]
[Round "5.92"]
[White "Stahnecker, Ludwig"]
[Black "Dauletova, Gulmira"]
[Result "1/2-1/2"]
[WhiteElo "2117"]
[BlackElo "2276"]
[PlyCount "127"]
[EventDate "2013.??.??"]
[TimeControl "6000+1165"]
[WhiteClock "0:20:33"]
[BlackClock "0:06:04"]

1. e4 e5 2. Nf3 d6 3. d4 exd4 4. Nxd4 Nf6 5. Nc3 Be7 6. Be2 O-O 7. O-O Re8 8.
Re1 h6 9. Bf4 Bf8 10. Bf1 Nbd7 11. Nf5 Nb6 12. Qf3 d5 13. Rad1 Bxf5 14. exf5 c6
15. Be5 Nbd7 16. Bg3 Qb6 17. b3 Qa5 18. Rxe8 Rxe8 19. Bh4 Bb4 20. Ne2 Qxa2 21.
c3 Qxb3 22. Qd3 Nc5 23. Rb1 Nxd3 24. Rxb3 Bc5 25. Nd4 Ne5 26. Bxf6 gxf6 27.
Rxb7 Bb6 28. h3 c5 29. Nb5 Nc6 30. Nd6 Re7 31. Rxe7 Nxe7 32. Ne8 Ba5 33. c4 Bc3
34. cxd5 Nxd5 35. Nd6 Nb6 36. Nb5 Be5 37. Nxa7 Kf8 38. Nc6 Bc3 39. Bb5 Nd5 40.
g3 Bd2 41. Kf1 Nc3 42. Bc4 Ne4 43. Ke2 Bc1 44. Bd3 Nc3+ 45. Kf3 Nd5 46. Ke4
Nc3+ 47. Kf3 Ke8 48. Bc4 Kd7 49. Na5 Ke7 50. Nb3 Ba3 51. Nd2 Na4 52. Ke4 Bb4
53. Nf1 Nc3+ 54. Kf3 Nb1 55. Ba2 Nd2+ 56. Nxd2 Bxd2 57. g4 Be1 58. Ke2 Bb4 59.
Kd3 Be1 60. Ke2 Bc3 61. Kd3 Bd4 62. f3 Bf2 63. Ke4 Bd4 64. Bb3 1/2-1/2

[Event "Czech Open A 1-44"]
[Site "?"]
[Date "2013.07.24"]
[Round "6.14"]
[White "Sochacki, Christophe"]
[Black "Mirzoev, Azer"]
[Result "0-1"]
[LiveChessVersion "1.4.2"]
[BlackElo "2536"]
[WhiteElo "2459"]

1. e4 {[%clk 1:20:55]} e6 {[%clk 1:30:42]} 2. d4 {[%clk 1:20:56]} d5
{[%clk 1:31:07]} 3. Nc3 {[%clk 1:21:19]} Bb4 {[%clk 1:31:31]} 4. exd5
{[%clk 1:20:22]} exd5 {[%clk 1:31:51]} 5. Bd3 {[%clk 1:20:49]} Ne7
{[%clk 1:31:47]} 6. Qh5 {[%clk 1:20:46]} Nd7 {[%clk 1:18:37]} 7. Bg5
{[%clk 1:19:18]} c5 {[%clk 1:18:53]} 8. Nge2 {[%clk 1:06:13]} c4 {[%clk 1:18:07]}
9. Bf5 {[%clk 1:05:14]} g6 {[%clk 1:11:08]} 10. Bxd7+ {[%clk 0:57:01]} Qxd7
{[%clk 1:09:54]} 11. Qh4 {[%clk 0:48:13]} Nf5 {[%clk 1:09:07]} 12. Qf4
{[%clk 0:47:22]} O-O {[%clk 1:05:38]} 13. Qf3 {[%clk 0:46:51]} b5
{[%clk 1:01:42]} 14. O-O {[%clk 0:27:43]} Bb7 {[%clk 1:01:19]} 15. h3
{[%clk 0:26:34]} f6 {[%clk 1:00:47]} 16. Bd2 {[%clk 0:25:58]} Be7
{[%clk 0:56:46]} 17. Rfe1 {[%clk 0:24:49]} b4 {[%clk 0:56:05]} 18. Nd1
{[%clk 0:25:16]} a5 {[%clk 0:55:31]} 19. c3 {[%clk 0:25:32]} Rae8
{[%clk 0:48:17]} 20. Nf4 {[%clk 0:24:24]} Bd6 {[%clk 0:42:55]} 21. Qg4
{[%clk 0:10:29]} Rxe1+ {[%clk 0:40:24]} 22. Bxe1 {[%clk 0:10:57]} Qe8
{[%clk 0:36:05]} 23. Bd2 {[%clk 0:10:40]} Qe4 {[%clk 0:30:21]} 24. Rc1
{[%clk 0:08:10]} Re8 {[%clk 0:22:11]} 25. f3 {[%clk 0:07:25]} Qe7
{[%clk 0:22:32]} 26. Nf2 {[%clk 0:07:04]} Qf7 {[%clk 0:22:17]} 27. Re1
{[%clk 0:06:11]} Rxe1+ {[%clk 0:22:20]} 28. Bxe1 {[%clk 0:06:39]} Ne3
{[%clk 0:19:24]} 29. Qg3 {[%clk 0:03:30]} g5 {[%clk 0:19:13]} 30. Ng4
{[%clk 0:03:55]} Nxg4 {[%clk 0:19:24]} 0-1

[Event "Czech Open A 1-44"]
[Site "?"]
[Date "2013.07.24"]
[Round "6.22"]
[White "Plischki, Sebastian"]
[Black "Lalic, Bogdan"]
[Result "1/2-1/2"]
[LiveChessVersion "1.4.2"]
[BlackElo "2489"]
[WhiteElo "2413"]

1. d4 {[%clk 1:30:56]} Nf6 {[%clk 1:30:55]} 2. c4 {[%clk 1:31:19]} e6
{[%clk 1:31:21]} 3. Nc3 {[%clk 1:31:19]} Bb4 {[%clk 1:31:41]} 4. e3
{[%clk 1:31:41]} c5 {[%clk 1:31:27]} 5. Nge2 {[%clk 1:31:48]} cxd4
{[%clk 1:31:36]} 6. exd4 O-O {[%clk 1:31:46]} 7. a3 {[%clk 1:32:29]} Be7
{[%clk 1:32:05]} 8. Nf4 {[%clk 1:32:31]} d6 {[%clk 1:32:23]} 9. Be3
{[%clk 1:31:19]} e5 {[%clk 1:31:36]} 10. Nfd5 {[%clk 1:30:39]} Nxd5
{[%clk 1:31:16]} 11. Nxd5 {[%clk 1:30:59]} Nc6 {[%clk 1:30:50]} 12. Nxe7+
{[%clk 1:29:57]} Qxe7 {[%clk 1:31:14]} 13. d5 {[%clk 1:26:09]} Nd4
{[%clk 1:31:36]} 14. Bd3 {[%clk 1:25:12]} Nf5 {[%clk 1:29:03]} 15. Bxf5
{[%clk 1:24:10]} Bxf5 {[%clk 1:29:27]} 1/2-1/2

[Event "Czech open A"]
[Site "?"]
[Date "2013.07.24"]
[Round "6.46"]
[White "Belyakov, Bogdan"]
[Black "Kireev, Aleksei"]
[Result "1-0"]
[WhiteElo "2430"]
[BlackElo "2310"]
[PlyCount "117"]
[EventDate "2013.??.??"]
[TimeControl "6000+1250"]
[WhiteClock "0:08:51"]
[BlackClock "0:58:29"]

1. e4 d6 2. d4 g6 3. Nc3 c6 4. f4 d5 5. e5 h5 6. Nf3 Nh6 7. Be2 Bg4 8. Be3 Nf5
9. Bf2 e6 10. O-O Be7 11. b3 a5 12. Qd3 Nd7 13. Nd1 Kf8 14. c4 Kg7 15. h3 Bxf3
16. Qxf3 h4 17. Qd3 Qb6 18. Rb1 Qa7 19. Nc3 Rac8 20. Rfc1 Rhd8 21. Rd1 Rh8 22.
Bg4 Rhd8 23. Rbc1 Rh8 24. cxd5 cxd5 25. Bxf5 gxf5 26. Nxd5 exd5 27. Qxf5 b5 28.
Qg4+ Kh7 29. Rxc8 Rxc8 30. Bxh4 Bxh4 31. Qxh4+ Kg8 32. Rd3 Rc6 33. f5 Nxe5 34.
Rg3+ Ng6 35. fxg6 Rxg6 36. Rxg6+ fxg6 37. Qd8+ Kh7 38. Qxd5 a4 39. Qc5 Qa5 40.
Kh2 Qd2 41. bxa4 bxa4 42. a3 Qf4+ 43. Kg1 Qe3+ 44. Kh1 Kh6 45. Qd6 Qc3 46. Kh2
Qe3 47. d5 Qd4 48. Qf8+ Kh7 49. Qe7+ Kh6 50. Qd6 Kh7 51. Qc7+ Kh6 52. Qc1+ g5
53. Qc6+ Kh7 54. Qd6 Kg7 55. Qd7+ Kh6 56. Qf5 Qd2 57. Qf6+ Kh7 58. d6 Qa5 59.
h4 1-0

[Event "Czech open A"]
[Site "?"]
[Date "2013.07.24"]
[Round "6.47"]
[White "Koykka, Pekka"]
[Black "Rzayev, Bahruz"]
[Result "0-1"]
[WhiteElo "2250"]
[BlackElo "2429"]
[PlyCount "54"]
[EventDate "2013.??.??"]
[TimeControl "6000+760"]
[WhiteClock "0:07:09"]
[BlackClock "0:58:34"]

1. e4 e5 2. Nf3 Nc6 3. Bb5 f5 4. d3 Nf6 5. O-O Be7 6. Nc3 d6 7. exf5 O-O 8. d4
exd4 9. Nxd4 Nxd4 10. Qxd4 Bxf5 11. Nd5 Nxd5 12. Qxd5+ Kh8 13. Bd3 c6 14. Qb3
Qd7 15. Be3 d5 16. Rad1 b5 17. Bd4 Bd6 18. Bxf5 Rxf5 19. Qh3 c5 20. Be3 Qf7 21.
g3 d4 22. Bc1 Rf8 23. c3 Rxf2 24. cxd4 cxd4 25. Bd2 Qf3 26. Rde1 Bc5 27. b4 Bb6
0-1

[Event "Czech open A"]
[Site "?"]
[Date "2013.07.24"]
[Round "6.48"]
[White "Triapishko, Olexandr"]
[Black "Jorczik, Julian Marcel"]
[Result "1-0"]
[WhiteElo "2221"]
[BlackElo "2422"]
[PlyCount "47"]
[EventDate "2013.??.??"]
[TimeControl "6000+1415"]
[WhiteClock "0:40:10"]
[BlackClock "0:31:31"]

1. e4 e6 2. d4 d5 3. Nd2 Nc6 4. Ngf3 Nf6 5. e5 Nd7 6. Be2 f6 7. exf6 Qxf6 8.
Nf1 Bd6 9. Ne3 O-O 10. O-O Qg6 11. c4 Nf6 12. c5 Be7 13. Bb5 Bd7 14. Bxc6 Bxc6
15. Ne5 Qe8 16. N3g4 Bb5 17. Re1 b6 18. a4 Ba6 19. Nxf6+ gxf6 20. Qg4+ Kh8 21.
Bh6 Rg8 22. Qxe6 Rxg2+ 23. Kxg2 Qg8+ 24. Ng4 1-0

[Event "Czech open A"]
[Site "?"]
[Date "2013.07.24"]
[Round "6.49"]
[White "Westerberg, Jonathan"]
[Black "Vlasak, Lukas"]
[Result "1-0"]
[WhiteElo "2410"]
[BlackElo "2296"]
[Annotator "Doe,John"]
[PlyCount "81"]
[EventDate "2013.??.??"]
[TimeControl "6000+1330"]
[WhiteClock "0:38:45"]
[BlackClock "0:36:39"]

1. d4 Nf6 2. c4 e6 3. Nf3 b6 4. g3 Ba6 5. Qc2 c5 6. d5 exd5 7. cxd5 Bb7 8. Bg2
d6 9. O-O g6 10. Nc3 Bg7 11. Qa4+ Nbd7 12. Bf4 Qb8 13. Nb5 Bf8 14. Bh3 Bc8 15.
Nc3 Be7 16. Bh6 a6 17. Qf4 Qc7 18. Rad1 Nh5 19. Qc1 b5 20. Bg2 b4 21. Nb1 Ndf6
22. h3 Ng8 23. Be3 Bb7 24. Nfd2 Ng7 25. Nc4 Nf6 26. Bg5 O-O 27. e4 Rad8 28.
Rfe1 Nfe8 29. Bxe7 Qxe7 30. Kh2 f6 31. Nbd2 Qc7 32. Nb3 Kh8 33. f4 a5 34. Nbxa5
Ra8 35. Nxb7 Qxb7 36. e5 Nf5 37. exd6 Rxa2 38. g4 Nfxd6 39. Nxd6 Nxd6 40. Qxc5
Rd8 41. Re6 1-0

[Event "Czech open A"]
[Site "?"]
[Date "2013.07.24"]
[Round "6.50"]
[White "Kanovsky, David"]
[Black "Wenninger, Philipp"]
[Result "1-0"]
[WhiteElo "2389"]
[BlackElo "2229"]
[PlyCount "61"]
[EventDate "2013.??.??"]
[TimeControl "6000+1165"]
[WhiteClock "0:26:50"]
[BlackClock "0:01:10"]

1. e4 c6 2. d4 d5 3. Nc3 dxe4 4. Nxe4 Bf5 5. Ng3 Bg6 6. h4 h6 7. h5 Bh7 8. Nf3
Nd7 9. Bd3 Bxd3 10. Qxd3 e6 11. Bd2 Ngf6 12. O-O-O Be7 13. Qe2 O-O 14. Nf1 c5
15. g4 Nh7 16. Kb1 Rc8 17. dxc5 Nxc5 18. Bxh6 Qb6 19. Be3 Bf6 20. c4 Qc6 21.
N1d2 Na4 22. Nd4 Qb6 23. N2b3 Rfd8 24. f4 Qc7 25. g5 Bxd4 26. Bxd4 Qxc4 27. Qe5
f6 28. gxf6 Nxf6 29. Rhg1 Rc7 30. Rd2 Rdc8 31. Qxf6 1-0

[Event "Czech open A"]
[Site "?"]
[Date "2013.07.24"]
[Round "6.51"]
[White "Hampel, Felix"]
[Black "Druska, Juraj"]
[Result "1-0"]
[WhiteElo "2121"]
[BlackElo "2385"]
[PlyCount "71"]
[EventDate "2013.??.??"]
[TimeControl "6000+685"]
[WhiteClock "0:51:35"]
[BlackClock "0:13:25"]

1. e4 c5 2. Nf3 Nc6 3. d4 cxd4 4. Nxd4 g6 5. c4 Bg7 6. Be3 Nf6 7. Nc3 O-O 8.
Be2 d6 9. O-O Nxd4 10. Bxd4 Bd7 11. Qd2 Bc6 12. Bd3 a5 13. Rfe1 Nd7 14. Bxg7
Kxg7 15. Re3 Nf6 16. Rae1 a4 17. Nd5 e6 18. Nc3 Qb6 19. Bf1 Rfd8 20. Rd3 Rd7
21. Rxd6 Rxd6 22. Qxd6 Rd8 23. Qe5 Qxb2 24. g4 h6 25. h4 Rd2 26. g5 hxg5 27.
hxg5 Rxf2 28. gxf6+ Rxf6 29. Re2 Qb6+ 30. c5 Qd8 31. Rf2 g5 32. Be2 Kg6 33.
Bh5+ Kg7 34. Qxg5+ Rg6 35. Rxf7+ Kh8 36. Rh7+ 1-0

[Event "Czech open A"]
[Site "?"]
[Date "2013.07.24"]
[Round "6.52"]
[White "Cvek, Robert"]
[Black "Krapivin, Vladislav"]
[Result "1-0"]
[WhiteElo "2527"]
[BlackElo "2340"]
[PlyCount "81"]
[EventDate "2013.??.??"]
[TimeControl "6000+1955"]
[WhiteClock "0:55:04"]
[BlackClock "0:30:40"]

1. d4 Nf6 2. c4 d6 3. Nf3 c6 4. Nc3 Bg4 5. e4 Nbd7 6. Be2 e5 7. Be3 Be7 8. O-O
O-O 9. d5 a6 10. Ne1 Bxe2 11. Qxe2 cxd5 12. cxd5 Qb8 13. Nd3 Bd8 14. Rfc1 Bb6
15. Bxb6 Nxb6 16. f3 Rc8 17. Qf2 Nbd7 18. Nd1 Ne8 19. Ne3 Qa7 20. Nc4 Qxf2+ 21.
Kxf2 a5 22. a4 b6 23. Rc3 Nc5 24. Nxc5 bxc5 25. Nb6 Rcb8 26. Nxa8 Rxb2+ 27. Ke3
Rb8 28. Raa3 f5 29. Rab3 Rxa8 30. Rb7 h5 31. Rcb3 Kf8 32. Rb8 Rxb8 33. Rxb8 Ke7
34. Rb7+ Kd8 35. Rf7 fxe4 36. fxe4 Nf6 37. Rxg7 Nd7 38. Rg6 Kc7 39. h4 Nb6 40.
g4 Nxa4 41. gxh5 1-0

[Event "Czech open A"]
[Site "?"]
[Date "2013.07.24"]
[Round "6.53"]
[White "Krensing, Jan"]
[Black "Sipos, Istvan"]
[Result "1/2-1/2"]
[WhiteElo "2325"]
[BlackElo "2471"]
[PlyCount "92"]
[EventDate "2013.??.??"]
[TimeControl "6000+1045"]
[WhiteClock "0:22:50"]
[BlackClock "0:31:19"]

1. d4 Nf6 2. c4 e6 3. Nc3 Bb4 4. e3 c5 5. Bd3 Nc6 6. Nge2 d5 7. cxd5 exd5 8. a3
Bxc3+ 9. bxc3 c4 10. Bc2 Ne7 11. f3 Bf5 12. Ng3 Bxc2 13. Qxc2 h5 14. e4 h4 15.
Ne2 Qd7 16. Bg5 Rh5 17. Bxf6 gxf6 18. Nf4 Rg5 19. O-O O-O-O 20. Rf2 Rdg8 21.
Qe2 Qc7 22. Nxd5 Nxd5 23. exd5 h3 24. g3 Rxd5 25. Rb1 Kb8 26. Rb4 a5 27. Rb1
Rd6 28. Qf1 Re6 29. Rfb2 Rge8 30. Rxb7+ Qxb7 31. Rxb7+ Kxb7 32. Qxc4 R8e7 33.
g4 Re2 34. Qb5+ Kc8 35. Qa6+ Kd7 36. Kf1 Rb2 37. d5 f5 38. gxf5 Kd8 39. Qxa5+
Kd7 40. Qa6 Kd8 41. Qd6+ Ke8 42. f6 Re1+ 43. Kxe1 Re2+ 44. Kf1 Rf2+ 45. Kg1
Rg2+ 46. Kh1 Rg1+ 1/2-1/2

[Event "Czech open A"]
[Site "?"]
[Date "2013.07.24"]
[Round "6.54"]
[White "Zorko, Jure"]
[Black "Stromboli, Ettore"]
[Result "1-0"]
[WhiteElo "2459"]
[BlackElo "2335"]
[PlyCount "95"]
[EventDate "2013.??.??"]
[TimeControl "6000+1620"]
[WhiteClock "0:06:51"]
[BlackClock "0:08:04"]

1. d4 Nf6 2. c4 e6 3. g3 d5 4. Nf3 Be7 5. Bg2 O-O 6. O-O b6 7. cxd5 exd5 8. Nc3
Bb7 9. Ne5 Re8 10. Qa4 Bd6 11. Bg5 c6 12. Bxf6 Qxf6 13. Nxd5 Qd8 14. Ne3 Bxe5
15. dxe5 Rxe5 16. Rfd1 Qc7 17. Qf4 Na6 18. Rd2 Nc5 19. Rad1 Ne6 20. Qh4 Nf8 21.
Nc4 Re7 22. Nd6 Rd8 23. Qc4 Ne6 24. Nxb7 Rxd2 25. Rxd2 Qxb7 26. Qxc6 Qxc6 27.
Bxc6 Rc7 28. Bd7 Kf8 29. Bxe6 fxe6 30. h4 Ke7 31. Kg2 Rc4 32. Kf3 Rc5 33. e4
Ra5 34. a3 Rc5 35. Ke3 Rc1 36. Kd3 Kd7 37. Rc2 Re1 38. Re2 Rf1 39. Ke3 Rc1 40.
Kf4 Ke7 41. f3 Rc5 42. Re3 a5 43. Rb3 b5 44. Rc3 Rh5 45. e5 Rf5+ 46. Ke4 h5 47.
Rc7+ Kf8 48. Rb7 1-0

[Event "Czech open A"]
[Site "?"]
[Date "2013.07.24"]
[Round "6.55"]
[White "Vetoshko, Volodymyr"]
[Black "Mammadov, Zaur"]
[Result "0-1"]
[WhiteElo "2268"]
[BlackElo "2437"]
[PlyCount "112"]
[EventDate "2013.??.??"]
[TimeControl "6000+910"]
[WhiteClock "0:02:49"]
[BlackClock "0:36:27"]

1. e4 e6 2. d4 d5 3. Nd2 dxe4 4. Nxe4 Nf6 5. Bg5 Be7 6. Bxf6 gxf6 7. Nf3 f5 8.
Ng3 a6 9. Bd3 Nc6 10. c3 Qd6 11. Qe2 Bd7 12. O-O-O O-O-O 13. Kb1 Kb8 14. Rhe1
Qf4 15. Qc2 Rhg8 16. b4 Bd6 17. a4 Ne7 18. b5 a5 19. Ne5 Bxe5 20. Rxe5 Bc8 21.
f3 Nd5 22. Rde1 Qh6 23. Nf1 Nf4 24. g3 Nxd3 25. Qxd3 f6 26. R5e2 e5 27. Qc4
Rge8 28. f4 Be6 29. Qd3 Qg7 30. Nd2 Bf7 31. Kb2 exd4 32. Rxe8 Bxe8 33. cxd4 Qd7
34. Nb3 b6 35. Qc3 Bf7 36. Qc6 Qxc6 37. bxc6 Re8 38. Rxe8+ Bxe8 39. d5 Bf7 40.
Nd4 Bxd5 41. Nxf5 Bxc6 42. Ne7 Bxa4 43. f5 Bd1 44. h3 b5 45. g4 a4 46. Nd5 c6
47. Nxf6 b4 48. g5 a3+ 49. Ka2 Be2 50. g6 hxg6 51. fxg6 Bc4+ 52. Kb1 Bd3+ 53.
Ka2 Bxg6 54. h4 Bf7+ 55. Kb1 b3 56. h5 Be6 0-1

[Event "Czech open A"]
[Site "?"]
[Date "2013.07.24"]
[Round "6.56"]
[White "Sergeev, Vladimir"]
[Black "Kazakov, Konstantin"]
[Result "0-1"]
[WhiteElo "2436"]
[BlackElo "2307"]
[PlyCount "126"]
[EventDate "2013.??.??"]
[TimeControl "6000+880"]
[WhiteClock "0:07:37"]
[BlackClock "2:03:14"]

1. b3 e5 2. Bb2 d6 3. e3 Nf6 4. Nf3 g6 5. d4 e4 6. Nfd2 d5 7. Be2 Bd6 8. c4 c6
9. Ba3 O-O 10. Bxd6 Qxd6 11. Nc3 h5 12. Rc1 a6 13. h3 b5 14. a4 b4 15. Ncb1 a5
16. Qc2 Ba6 17. O-O Nbd7 18. Rfd1 Kg7 19. Nf1 Rfe8 20. Rd2 Nf8 21. cxd5 Bxe2
22. Rxe2 cxd5 23. Qc6 Qb8 24. Qc7 Ne6 25. Qxb8 Rexb8 26. Rec2 Kf8 27. Nbd2 Ke7
28. f3 exf3 29. gxf3 Kd7 30. f4 Rc8 31. Nf3 Rxc2 32. Rxc2 Ne4 33. Ne5+ Ke7 34.
Rc6 Nd8 35. Rc2 Nc3 36. Ng3 h4 37. Ne2 Nxe2+ 38. Rxe2 Rc8 39. e4 Kd6 40. exd5
Rc1+ 41. Kf2 Kxd5 42. Re3 Ne6 43. Nxf7 Rc2+ 44. Re2 Rxe2+ 45. Kxe2 Nxd4+ 46.
Kd3 Nxb3 47. Nh8 Nc5+ 48. Kc2 Kc4 49. Nxg6 b3+ 50. Kb1 Nxa4 51. f5 Nc3+ 52. Kb2
Nd1+ 53. Kc1 Kc3 54. Nf4 b2+ 55. Kb1 a4 56. Ne2+ Kd2 57. f6 Kxe2 58. f7 a3 59.
f8=Q Nc3+ 60. Kc2 b1=Q+ 61. Kxc3 Qb2+ 62. Kc4 a2 63. Qe7+ Kd1 0-1